Gundert Dictionary(malayalam-English-malayalam) (Record no. 72652)

MARC details
000 -LEADER
fixed length control field 00426nam a2200133Ia 4500
008 - FIXED-LENGTH DATA ELEMENTS--GENERAL INFORMATION
fixed length control field 211109s9999||||xx |||||||||||||| ||und||
082 ## - DEWEY DECIMAL CLASSIFICATION NUMBER
Classification number 494.812 034 20
Item number GUN-G
100 ## - MAIN ENTRY--PERSONAL NAME
Personal name Gundert, Hermann
245 #0 - TITLE STATEMENT
Title Gundert Dictionary(malayalam-English-malayalam)
260 ## - PUBLICATION, DISTRIBUTION, ETC.
Name of publisher, distributor, etc. Vidyarthi Mithram
Place of publication, distribution, etc. Kottayam
Date of publication, distribution, etc. 1972
630 ## - SUBJECT ADDED ENTRY--UNIFORM TITLE
General subdivision PGR-HERMAN GUNDART COLLECTION
650 ## - SUBJECT ADDED ENTRY--TOPICAL TERM
Topical term or geographic name entry element LANGUAGE
942 ## - ADDED ENTRY ELEMENTS (KOHA)
Koha item type BOOK
650 ## - SUBJECT ADDED ENTRY--TOPICAL TERM
Form subdivision MALAYALAM LANGUAGE
General subdivision DICTIONARYMalayalam
Holdings
Withdrawn status Lost status Source of classification or shelving scheme Damaged status Not for loan Home library Current library Date acquired Cost, normal purchase price Full call number Barcode Shelving location Date last seen Price effective from Koha item type
    Dewey Decimal Classification     SB LIBRARY SB LIBRARY 09/11/2021 40.00 494.81203 GUN-G 00057021 PGR-HERMAN GUNDART COLLECTION 09/11/2021 09/11/2021 BOOK

Powered by Koha